{"text_format":"1","workbook":"xlsx","n_sheets":3,"sheets":["Formato","Instructivo de Diligenciamiento","Listas"],"not_rendered":{"charts":0,"images":3,"macros":1,"external_links":0,"defined_names":3,"comments":0,"pivot_tables":0},"unopened":[],"bounds":{"document_bytes":16777216,"sheet_cells":100000,"rows_first":2000,"rows_last":500,"rows_between":2000,"halvings":0,"cell_chars":16384,"cell_head_chars":4096},"cells_cut":0,"cells_raw":0,"read":"whole","date_system":"1900"}

{"sheet":"Formato","index":0,"n_rows":116,"n_cols":17,"rows_kept":116,"cut":false,"hidden":false,"merged":[[39,10,39,11],[101,2,101,3],[101,8,101,9],[101,10,101,11],[101,16,101,17],[102,2,102,3],[102,8,102,9],[102,10,102,11],[102,16,102,17],[98,2,98,3],[98,8,98,9],[98,10,98,11],[98,16,98,17],[99,2,99,3],[99,8,99,9],[99,10,99,11],[99,16,99,17],[100,2,100,3],[100,8,100,9],[100,10,100,11],[100,16,100,17],[95,2,95,3],[95,8,95,9],[95,10,95,11],[95,16,95,17],[96,2,96,3],[96,8,96,9],[96,10,96,11],[96,16,96,17],[97,2,97,3],[97,8,97,9],[97,10,97,11],[97,16,97,17],[92,2,92,3],[92,8,92,9],[92,10,92,11],[92,16,92,17],[93,2,93,3],[93,8,93,9],[93,10,93,11],[93,16,93,17],[94,2,94,3],[94,8,94,9],[94,10,94,11],[94,16,94,17],[89,10,89,11],[89,16,89,17],[90,2,90,3],[90,8,90,9],[90,10,90,11],[90,16,90,17],[91,2,91,3],[91,8,91,9],[91,10,91,11],[91,16,91,17],[37,10,37,17],[35,0,35,17],[115,0,116,0],[115,1,116,2],[39,16,39,17],[113,6,113,8],[112,1,112,3],[107,1,107,3],[110,1,110,3],[110,6,110,8],[112,6,112,8],[37,0,38,0],[38,8,38,9],[38,2,38,3],[41,2,41,3],[40,8,40,9],[40,10,40,11],[40,16,40,17],[41,8,41,9],[41,10,41,11],[41,16,41,17],[40,2,40,3],[89,2,89,3],[89,8,89,9],[29,1,29,2],[29,4,29,5],[29,9,29,10],[31,1,31,2],[31,4,31,5],[31,9,31,10],[31,6,31,8],[31,11,31,13],[115,13,116,14],[113,4,113,5],[109,10,110,12],[111,10,112,12],[113,10,114,12],[115,10,116,12],[109,13,110,14],[111,13,112,14],[113,13,114,14],[39,2,39,3],[39,8,39,9],[29,11,29,13],[113,1,113,3],[37,1,37,9],[38,10,38,11],[44,2,44,3],[21,1,21,13],[7,3,7,9],[9,1,9,2],[9,3,9,7],[7,12,7,13],[23,1,23,2],[23,4,23,8],[19,1,19,13],[27,1,27,2],[27,4,27,5],[27,6,27,8],[17,1,17,13],[38,16,38,17],[27,11,27,13],[29,6,29,8],[15,3,15,7],[1,1,1,13],[7,1,7,2],[11,1,11,2],[23,9,23,13],[25,1,25,2],[25,4,25,5],[25,6,25,8],[25,9,25,10],[25,11,25,13],[11,3,11,9],[9,10,9,11],[9,12,9,13],[2,1,2,13],[13,1,13,13],[15,1,15,2],[4,1,5,3],[4,10,5,11],[4,7,5,9],[4,4,5,5],[27,9,27,10],[44,8,44,9],[44,10,44,11],[44,16,44,17],[45,2,45,3],[45,8,45,9],[45,10,45,11],[45,16,45,17],[42,2,42,3],[42,8,42,9],[42,10,42,11],[42,16,42,17],[43,2,43,3],[43,8,43,9],[43,10,43,11],[43,16,43,17],[48,2,48,3],[48,8,48,9],[48,10,48,11],[48,16,48,17],[49,2,49,3],[49,8,49,9],[49,10,49,11],[49,16,49,17],[46,2,46,3],[46,8,46,9],[46,10,46,11],[46,16,46,17],[47,2,47,3],[47,8,47,9],[47,10,47,11],[47,16,47,17],[52,2,52,3],[52,8,52,9],[52,10,52,11],[52,16,52,17],[53,2,53,3],[53,8,53,9],[53,10,53,11],[53,16,53,17],[50,2,50,3],[50,8,50,9],[50,10,50,11],[50,16,50,17],[51,2,51,3],[51,8,51,9],[51,10,51,11],[51,16,51,17],[56,2,56,3],[56,8,56,9],[56,10,56,11],[56,16,56,17],[57,2,57,3],[57,8,57,9],[57,10,57,11],[57,16,57,17],[54,2,54,3],[54,8,54,9],[54,10,54,11],[54,16,54,17],[55,2,55,3],[55,8,55,9],[55,10,55,11],[55,16,55,17],[60,2,60,3],[60,8,60,9],[60,10,60,11],[60,16,60,17],[61,2,61,3],[61,8,61,9],[61,10,61,11],[61,16,61,17],[58,2,58,3],[58,8,58,9],[58,10,58,11],[58,16,58,17],[59,2,59,3],[59,8,59,9],[59,10,59,11],[59,16,59,17],[64,2,64,3],[64,8,64,9],[64,10,64,11],[64,16,64,17],[65,2,65,3],[65,8,65,9],[65,10,65,11],[65,16,65,17],[62,2,62,3],[62,8,62,9],[62,10,62,11],[62,16,62,17],[63,2,63,3],[63,8,63,9],[63,10,63,11],[63,16,63,17],[68,2,68,3],[68,8,68,9],[68,10,68,11],[68,16,68,17],[69,2,69,3],[69,8,69,9],[69,10,69,11],[69,16,69,17],[66,2,66,3],[66,8,66,9],[66,10,66,11],[66,16,66,17],[67,2,67,3],[67,8,67,9],[67,10,67,11],[67,16,67,17],[72,2,72,3],[72,8,72,9],[72,10,72,11],[72,16,72,17],[73,2,73,3],[73,8,73,9],[73,10,73,11],[73,16,73,17],[70,2,70,3],[70,8,70,9],[70,10,70,11],[70,16,70,17],[71,2,71,3],[71,8,71,9],[71,10,71,11],[71,16,71,17],[76,2,76,3],[76,8,76,9],[76,10,76,11],[76,16,76,17],[77,2,77,3],[77,8,77,9],[77,10,77,11],[77,16,77,17],[74,2,74,3],[74,8,74,9],[74,10,74,11],[74,16,74,17],[75,2,75,3],[75,8,75,9],[75,10,75,11],[75,16,75,17],[80,2,80,3],[80,8,80,9],[80,10,80,11],[80,16,80,17],[81,2,81,3],[81,8,81,9],[81,10,81,11],[81,16,81,17],[78,2,78,3],[78,8,78,9],[78,10,78,11],[78,16,78,17],[79,2,79,3],[79,8,79,9],[79,10,79,11],[79,16,79,17],[84,2,84,3],[84,8,84,9],[84,10,84,11],[84,16,84,17],[85,2,85,3],[85,8,85,9],[85,10,85,11],[85,16,85,17],[82,2,82,3],[82,8,82,9],[82,10,82,11],[82,16,82,17],[83,2,83,3],[83,8,83,9],[83,10,83,11],[83,16,83,17],[88,2,88,3],[88,8,88,9],[88,10,88,11],[88,16,88,17],[86,2,86,3],[86,8,86,9],[86,10,86,11],[86,16,86,17],[87,2,87,3],[87,8,87,9],[87,10,87,11],[87,16,87,17]]}
[]
[null,"FORMATO PARA MODIFICACIÓN DE ÓRDENES DE COMPRA"]
[null,"Tienda Virtual del Estado Colombiano"]
[]
[null,"Número de Orden de Compra a modificar:",null,null,4416,null,null,"Número de modificación de la Orden de Compra:",null,null,2]
[]
[]
[null,"Entidad Compradora:",null,"DEPARTAMENTO ADMINISTRATIVO PARA LA PROSPERIDAD SOCIAL",null,null,null,null,null,null,null,"NIT:",900039533]
[]
[null,"Nombre del solicitante:",null,"JULIAN TORRES JIMÉNEZ",null,null,null,null,null,null,"Teléfono de contacto:",null,"5960800 EXT. 7242 -7250"]
[]
[null,"Proveedor :",null,"BANCO AGRARIO DE COLOMBIA"]
[]
[null,"Tipo "]
[]
[null,"Tipo",null,"Modificación de la Orden de Compra"]
[]
[null,"Justificación de la modificación o de las acciones a realizar"]
[]
[null,"Se solicita la compensación entre el numero de cantidades establecidas para algunos municipios detallados en la orden de compra,  para 64 Municipios focalizados del programa Jóvenes en  Acción - JeA, toda vez que los participantes en estos Municipios vienen cumpliendo con el logro de las competencias de aprendizaje y el desempeño académico requeridos para el giro del incentivo económico que el Programa reconoce."]
[]
[null,"Modificación información general"]
[]
[null,"Nombre del campo",null,"¿Requiere modificación Si/No?","Datos actuales",null,null,null,null,"Nuevos datos"]
[]
[null,"Actualizar supervisor",null,"NO","Nombre del supervisor actual",null,null,null,null,"Nombre nuevo supervisor"]
[]
[null,"Fecha de vencimiento",null,"NO","Fecha vencimiento actual",null,null,null,null,"Nueva fecha de vencimiento"]
[]
[null,"Dirección y/o teléfono",null,"NO","Dirección / teléfono actual",null,null,null,null,"Nueva dirección / teléfono"]
[]
[null,"Gravámenes adicionales",null,"NO","Gravamen(es) actual",null,null,null,null,"Nuevo(s) gravamen(es)"]
[]
[]
[]
["Modificación de artículos y servicios"]
[]
["Tipo de modificación","Información actual",null,null,null,null,null,null,null,null,"Nueva información"]
[null,"Número de la línea según O.C.","Nombre del artículo",null,"Cantidad","Unidad de medida","Precio unitario","Total","Información presupuestal",null,"Nombre del artículo",null,"Cantidad","Unidad de medida","Precio unitario","Total","Información presupuestal"]
["Agregar nuevo artículo o servicio","No aplica","No aplica",null,"No aplica","No aplica","No aplica",0,"No aplica",null,"SF TIPO 4 - 5088 -  BELLO  - BENEFICIARIOS: 33",null,551,"Unidad",4640,{"$f":"M40*O40","v":2556640},84716]
["Agregar nuevo artículo o servicio","No aplica","No aplica",null,"No aplica","No aplica","No aplica",0,"No aplica",null,"SF TIPO 4 -5129- CALDAS - BENEFICIARIOS: 177",null,1360,"Unidad",4640,6310400]
["Agregar nuevo artículo o servicio","No aplica","No aplica",null,"No aplica","No aplica","No aplica",0,"No aplica",null,"SF TIPO 4 - 5154 - CAUCASIA - BENEFICIARIOS: 17",null,3675,"Unidad",4640,17052000]
["Agregar nuevo artículo o servicio","No aplica","No aplica",null,"No aplica","No aplica","No aplica",0,"No aplica",null,"SF TIPO 4 - 5172 - CHIGORODO - BENEFICIARIOS: 84",null,657,"Unidad",4640,3048480]
["Agregar nuevo artículo o servicio","No aplica","No aplica",null,"No aplica","No aplica","No aplica",0,"No aplica",null,"SF TIPO 4 - 5190 - CISNEROS - BENEFICIARIOS:26",null,256,"Unidad",4640,1187840]
["Agregar nuevo artículo o servicio","No aplica","No aplica",null,"No aplica","No aplica","No aplica",0,"No aplica",null,"SF TIPO 4 - 5266 -ENVIGADO - BENEFICIARIOS: 17",null,220,"Unidad",4640,1020800]
["Agregar nuevo artículo o servicio","No aplica","No aplica",null,"No aplica","No aplica","No aplica",0,"No aplica",null,"SF TIPO 4 - 5360 - ITAGUI - BENEFICIARIOS:493",null,3336,"Unidad",4640,15479040]
["Agregar nuevo artículo o servicio","No aplica","No aplica",null,"No aplica","No aplica","No aplica",0,"No aplica",null,"SF TIPO 4 - 5361 - ITUANGO - BENEFICIARIOS: 3",null,41,"Unidad",4640,190240]
["Agregar nuevo artículo o servicio","No aplica","No aplica",null,"No aplica","No aplica","No aplica",0,"No aplica",null,"SF TIPO 4 - 5615 - RIONEGRO - BENEFICIARIOS:404",null,2850,"Unidad",4640,13224000]
["Agregar nuevo artículo o servicio","No aplica","No aplica",null,"No aplica","No aplica","No aplica",0,"No aplica",null,"SF TIPO 4 - 5756 - SONSON - BENEFICIARIOS:1",null,18,"Unidad",4640,83520]
["Agregar nuevo artículo o servicio","No aplica","No aplica",null,"No aplica","No aplica","No aplica",0,"No aplica",null,"SF TIPO 4 - 5837 - TURBO - BENEFICIARIOS:211",null,3031,"Unidad",4640,14063840]
["Agregar nuevo artículo o servicio","No aplica","No aplica",null,"No aplica","No aplica","No aplica",0,"No aplica",null,"SF TIPO 4 - 8758 - SOLEDAD - BENEFICIARIOS:12",null,284,"Unidad",4640,1317760]
["Agregar nuevo artículo o servicio","No aplica","No aplica",null,"No aplica","No aplica","No aplica",0,"No aplica",null,"SF TIPO 4 - 11001 - BOGOTA - BENEFICIARIOS:11514",null,82737,"Unidad",4640,383899680]
["Agregar nuevo artículo o servicio","No aplica","No aplica",null,"No aplica","No aplica","No aplica",0,"No aplica",null,"SF TIPO 4 - 13430 - MAGANGUE - BENEFICIARIOS:3",null,948,"Unidad",4640,4398720]
["Agregar nuevo artículo o servicio","No aplica","No aplica",null,"No aplica","No aplica","No aplica",0,"No aplica",null,"SF TIPO 4 - 15176 - CHIQUINQUIRA - BENEFICIARIOS:225",null,1559,"Unidad",4640,7233760]
["Agregar nuevo artículo o servicio","No aplica","No aplica",null,"No aplica","No aplica","No aplica",0,"No aplica",null,"SF TIPO 4 - 15238 - DUITAMA - BENEFICIARIOS:487",null,3055,"Unidad",4640,14175200]
["Agregar nuevo artículo o servicio","No aplica","No aplica",null,"No aplica","No aplica","No aplica",0,"No aplica",null,"SF TIPO 4 - 17380 - LA DORADA - BENEFICIARIOS:7",null,782,"Unidad",4640,3628480]
["Agregar nuevo artículo o servicio","No aplica","No aplica",null,"No aplica","No aplica","No aplica",0,"No aplica",null,"SF TIPO 4 - 20011 - AGUACHICA - BENEFICIARIOS:323",null,3500,"Unidad",4640,16240000]
["Agregar nuevo artículo o servicio","No aplica","No aplica",null,"No aplica","No aplica","No aplica",0,"No aplica",null,"SF TIPO 4 - 20013 - AGUSTIN CODAZZI - BENEFICIARIOS:94",null,654,"Unidad",4640,3034560]
["Agregar nuevo artículo o servicio","No aplica","No aplica",null,"No aplica","No aplica","No aplica",0,"No aplica",null,"SF TIPO 4 - 25269 - FACATATIVA - BENEFICIARIOS:4",null,200,"Unidad",4640,928000]
["Agregar nuevo artículo o servicio","No aplica","No aplica",null,"No aplica","No aplica","No aplica",0,"No aplica",null,"SF TIPO 4 - 25320 - GUADUAS - BENEFICIARIOS:16",null,179,"Unidad",4640,830560]
["Agregar nuevo artículo o servicio","No aplica","No aplica",null,"No aplica","No aplica","No aplica",0,"No aplica",null,"SF TIPO 4 - 25473 - MOSQUERA - BENEFICIARIOS: 86",null,2839,"Unidad",4640,13172960]
["Agregar nuevo artículo o servicio","No aplica","No aplica",null,"No aplica","No aplica","No aplica",0,"No aplica",null,"SF TIPO 4 - 25875 - VILLETA - BENEFICIARIOS: 57",null,1606,"Unidad",4640,7451840]
["Agregar nuevo artículo o servicio","No aplica","No aplica",null,"No aplica","No aplica","No aplica",0,"No aplica",null,"SF TIPO 4 - 27001 - QUIBDO - BENEFICIARIOS:1335",null,8489,"Unidad",4640,39388960]
["Agregar nuevo artículo o servicio","No aplica","No aplica",null,"No aplica","No aplica","No aplica",0,"No aplica",null,"SF TIPO 4 - 41132 - CAMPOALEGRE - BENEFICIARIOS: 17",null,977,"Unidad",4640,4533280]
["Agregar nuevo artículo o servicio","No aplica","No aplica",null,"No aplica","No aplica","No aplica",0,"No aplica",null,"SF TIPO 4 - 44001 - RIOHACHA - BENEFICIARIOS:  2139",null,13553,"Unidad",4640,62885920]
["Agregar nuevo artículo o servicio","No aplica","No aplica",null,"No aplica","No aplica","No aplica",0,"No aplica",null,"SF TIPO 4 - 54001 - CUCUTA - BENEFICIARIOS: 5995",null,52031,"Unidad",4640,241423840]
["Agregar nuevo artículo o servicio","No aplica","No aplica",null,"No aplica","No aplica","No aplica",0,"No aplica",null,"SF TIPO 4 - 68001 - BUCARAMANGA - BENEFICIARIOS: 1537",null,18209,"Unidad",4640,84489760]
["Agregar nuevo artículo o servicio","No aplica","No aplica",null,"No aplica","No aplica","No aplica",0,"No aplica",null,"SF TIPO 4 - 68276 - FLORIDABLANCA - BENEFICIARIOS: 20",null,1612,"Unidad",4640,7479680]
["Agregar nuevo artículo o servicio","No aplica","No aplica",null,"No aplica","No aplica","No aplica",0,"No aplica",null,"SF TIPO 4 - 68432 - MALAGA - BENEFICIARIOS: 34",null,1433,"Unidad",4640,6649120]
["Agregar nuevo artículo o servicio","No aplica","No aplica",null,"No aplica","No aplica","No aplica",0,"No aplica",null,"SF TIPO 4 - 68547 - PIEDECUESTA - BENEFICIARIOS: 126",null,2164,"Unidad",4640,10040960]
["Agregar nuevo artículo o servicio","No aplica","No aplica",null,"No aplica","No aplica","No aplica",0,"No aplica",null,"SF TIPO 4 - 68679 - SAN GIL - BENEFICIARIOS: 93",null,2473,"Unidad",4640,11474720]
["Agregar nuevo artículo o servicio","No aplica","No aplica",null,"No aplica","No aplica","No aplica",0,"No aplica",null,"SF TIPO 4 - 68861 - VELEZ - BENEFICIARIOS: 70",null,2018,"Unidad",4640,9363520]
["Agregar nuevo artículo o servicio","No aplica","No aplica",null,"No aplica","No aplica","No aplica",0,"No aplica",null,"SF TIPO 4 - 70820 - SANTIAGO DE TOLU - BENEFICIARIOS: 70",null,47,"Unidad",4640,218080]
["Agregar nuevo artículo o servicio","No aplica","No aplica",null,"No aplica","No aplica","No aplica",0,"No aplica",null,"SF TIPO 4 - 76001 - CALI - BENEFICIARIOS: 5586",null,35804,"Unidad",4640,166130560]
["Agregar nuevo artículo o servicio","No aplica","No aplica",null,"No aplica","No aplica","No aplica",0,"No aplica",null,"SF TIPO 4 - 76111 - GUADALAJARA DE BUGA - BENEFICIARIOS: 645",null,5167,"Unidad",4640,23974880]
["Agregar nuevo artículo o servicio","No aplica","No aplica",null,"No aplica","No aplica","No aplica",0,"No aplica",null,"SF TIPO 4 - 81001 - ARAUCA - BENEFICIARIOS: 304",null,1866,"Unidad",4640,8658240]
["Agregar nuevo artículo o servicio","No aplica","No aplica",null,"No aplica","No aplica","No aplica",0,"No aplica",null,"SF TIPO 4 - 86568 - PUERTO ASIS - BENEFICIARIOS: 440",null,3011,"Unidad",4640,13971040]
["Agregar nuevo artículo o servicio","No aplica","No aplica",null,"No aplica","No aplica","No aplica",0,"No aplica",null,"SF TIPO 4 - 86749 - SIBUNDOY - BENEFICIARIOS: 13",null,152,"Unidad",4640,705280]
["Agregar nuevo artículo o servicio","No aplica","No aplica",null,"No aplica","No aplica","No aplica",0,"No aplica",null,"SF TIPO 4 - 91001 - LETICIA - BENEFICIARIOS: 89",null,540,"Unidad",4640,2505600]
["Modificación de artículo o servicio",92,"SF TIPO 4 - 5250 - EL BAGRE - BENEFICIARIOS: 100",null,600,"Unidad",4640,{"$f":"E80*G80","v":2784000},57615,null,{"$f":"C80","v":"SF TIPO 4 - 5250 - EL BAGRE - BENEFICIARIOS: 100"},null,110,"Unidad",4640,{"$f":"M80*O80","v":510400},84716]
["Modificación de artículo o servicio",93,"SF TIPO 4 - 13654 - SAN JACINTO - BENEFICIARIOS: 100",null,600,"Unidad",4640,2784000,57615,null,"SF TIPO 4 - 13654 - SAN JACINTO - BENEFICIARIOS: 100",null,165,"Unidad",4640,765600,84716]
["Modificación de artículo o servicio",94,"SF TIPO 4 - 19698 - SANTANDER DE QUILICHAO - BENEFICIARIOS: 100",null,600,"Unidad",4640,2784000,57615,null,"SF TIPO 4 - 19698 - SANTANDER DE QUILICHAO - BENEFICIARIOS: 100",null,321,"Unidad",4640,1489440,84716]
["Modificación de artículo o servicio",89,"SF TIPO 4 - 25899 - ZIPAQUIRA - BENEFICIARIOS: 91",null,546,"Unidad",4640,2533440,57615,null,"SF TIPO 4 - 25899 - ZIPAQUIRA - BENEFICIARIOS: 91",null,461,"Unidad",4640,2139040,84716]
["Modificación de artículo o servicio",48,"SF TIPO 4 - 44279 - FONSECA - BENEFICIARIOS: 613",null,3678,"Unidad",4640,17065920,57615,null,"SF TIPO 4 - 44279 - FONSECA - BENEFICIARIOS: 613",null,2775,"Unidad",4640,12876000,84716]
["Modificación de artículo o servicio",49,"SF TIPO 4 - 44430 - MAICAO - BENEFICIARIOS: 793",null,4758,"Unidad",4640,22077120,57615,null,"SF TIPO 4 - 44430 - MAICAO - BENEFICIARIOS: 793",null,1857,"Unidad",4640,8616480,84716]
["Modificación de artículo o servicio",95,"SF TIPO 4 - 47189 - CIENAGA - BENEFICIARIOS: 100",null,600,"Unidad",4640,2784000,57615,null,"SF TIPO 4 - 47189 - CIENAGA - BENEFICIARIOS: 100",null,348,"Unidad",4640,1614720,84716]
["Modificación de artículo o servicio",54,"SF TIPO 4 - 52835 - SAN ANDRES DE TUMACO - BENEFICIARIOS: 569",null,3414,"Unidad",4640,15840960,57615,null,"SF TIPO 4 - 52835 - SAN ANDRES DE TUMACO - BENEFICIARIOS: 569",null,3201,"Unidad",4640,14852640,84716]
["Modificación de artículo o servicio",55,"SF TIPO 4 - 52838 - TUQUERRES - BENEFICIARIOS: 106",null,636,"Unidad",4640,2951040,57615,null,"SF TIPO 4 - 52838 - TUQUERRES - BENEFICIARIOS: 106",null,364,"Unidad",4640,1688960,84716]
["Modificación de artículo o servicio",57,"SF TIPO 4 - 54498 - OCAÑA - BENEFICIARIOS: 1835",null,11010,"Unidad",4640,51086400,57615,null,"SF TIPO 4 - 54498 - OCAÑA - BENEFICIARIOS: 1835",null,4221,"Unidad",4640,19585440,84716]
["Modificación de artículo o servicio",58,"SF TIPO 4 - 54518 - PAMPLONA - BENEFICIARIOS: 3602",null,21612,"Unidad",4640,{"$f":"E90*G90","v":100279680},57615,null,{"$f":"C90","v":"SF TIPO 4 - 54518 - PAMPLONA - BENEFICIARIOS: 3602"},null,5116,"Unidad",4640,{"$f":"M90*O90","v":23738240},84716]
["Modificación de artículo o servicio",63,"SF TIPO 4 - 68081 - BARRANCABERMEJA - BENEFICIARIOS: 1324",null,7944,"Unidad",4640,36860160,57615,null,"SF TIPO 4 - 68081 - BARRANCABERMEJA - BENEFICIARIOS: 1324",null,5293,"Unidad",4640,24559520,84716]
["Modificación de artículo o servicio",91,"SF TIPO 4 - 70215 - COROZAL - BENEFICIARIOS: 120",null,720,"Unidad",4640,3340800,57615,null,"SF TIPO 4 - 70215 - COROZAL - BENEFICIARIOS: 120",null,301,"Unidad",4640,1396640,84716]
["Modificación de artículo o servicio",75,"SF TIPO 4 - 76109 - BUENAVENTURA - BENEFICIARIOS: 1136",null,6816,"Unidad",4640,31626240,57615,null,"SF TIPO 4 - 76109 - BUENAVENTURA - BENEFICIARIOS: 1136",null,5555,"Unidad",4640,25775200,84716]
["Modificación de artículo o servicio",77,"SF TIPO 4 - 76520 - PALMIRA - BENEFICIARIOS: 1533",null,9198,"Unidad",4640,42678720,57615,null,"SF TIPO 4 - 76520 - PALMIRA - BENEFICIARIOS: 1533",null,8557,"Unidad",4640,39704480,84716]
["Modificación de artículo o servicio",78,"SF TIPO 4 - 76834 - TULUA - BENEFICIARIOS: 1707",null,10242,"Unidad",4640,47522880,57615,null,"SF TIPO 4 - 76834 - TULUA - BENEFICIARIOS: 1707",null,9940,"Unidd",4640,46121600,84716]
["Modificación de artículo o servicio",96,"SF TIPO 4 - 81736 - SARAVENA - BENEFICIARIOS: 100",null,600,"Unidad",4640,2784000,57615,null,"SF TIPO 4 - 81736 - SARAVENA - BENEFICIARIOS: 100",null,72,"Unidad",4640,334080,84716]
["Modificación de artículo o servicio",87,"SF TIPO 4 - 97001 - MITU - BENEFICIARIOS: 43",null,258,"Unidad",4640,1197120,57615,null,"SF TIPO 4 - 97001 - MITU - BENEFICIARIOS: 43",null,142,"Unidad",4640,658880,84716]
["Modificación de artículo o servicio",20,"SF TIPO 4 - 15001 - TUNJA - BENEFICIARIOS: 3328",null,19968,"Unidad",4640,92651520,57615,null,"SF TIPO 4 - 15001 - TUNJA - BENEFICIARIOS: 3328",null,15968,"Unidad",4640,74091520,84716]
["Modificación de artículo o servicio",14,"SF TIPO 4 - 8001 - BARRANQUILLA - BENEFICIARIOS: 13429",null,80574,"Unidad",4640,373863360,57615,null,"SF TIPO 4 - 8001 - BARRANQUILLA - BENEFICIARIOS: 13429",null,71714,"Unidad",4640,332752960,84716]
["Modificación de artículo o servicio",18,"SF TIPO 4 - 13001 - CARTAGENA - BENEFICIARIOS: 7582",null,45492,"Unidad",4640,211082880,57615,null,"SF TIPO 4 - 13001 - CARTAGENA - BENEFICIARIOS: 7582",null,37539,"Unidad",4640,174180960,84716]
["Modificación de artículo o servicio",24,"SF TIPO 4 - 17001 - MANIZALEZ - BENEFICIARIOS: 2839",null,17034,"Unidad",4640,79037760,57615,null,"SF TIPO 4 - 17001 - MANIZALEZ - BENEFICIARIOS: 2839",null,13549,"Unidad",4640,62867360,84716]
["Modificación de artículo o servicio",26,"SF TIPO 4 - 18001 - FLORENCIA - BENEFICIARIOS: 2513",null,15078,"Unidad",4640,69961920,57615,null,"SF TIPO 4 - 18001 - FLORENCIA - BENEFICIARIOS: 2513",null,12078,"Unidad",4640,56041920,84716]
["Modificación de artículo o servicio",50,"SF TIPO 4 -47001 - SANTA MARTA - BENEFICIARIOS: 4972",null,29832,"Unidad",4640,138420480,57615,null,"SF TIPO 4 -47001 - SANTA MARTA - BENEFICIARIOS: 4972",null,24719,"Unidad",4640,114696160,84716]
[]
[null,null,null,null,null,null,"TOTAL",{"$f":"SUM(H40:H103)","v":1353998400},null,null,null,null,null,null,"TOTAL",{"$f":"SUM(P40:P103)","v":2265480000}]
[]
[]
[]
[]
[null,null,null,null,null,null,null,null,null,null,"Valor total del IVA en la Orden de Compra:",null,null,638115072]
[null,"Firma ordenador del gasto",null,null,null,null,"Firma de Proveedor"]
[null,null,null,null,null,null,null,null,null,null,"Valor total del AIU en la Orden de Compra:",null,null,0]
["Nombre:","SANDRA LOZANO USECHE",null,null,null,"Nombre:","FRANCISCO SOLANO MENDOZA"]
["Documento de Identidad:",51752710,null,null,"Documento de Identidad:",null,80085051,null,null,null,"Valor total gravámenes adicionales en la Orden de Compra:",null,null,0]
[]
["Fecha Elaboracion:",null,null,null,null,null,null,null,null,null,"Valor total de la Orden de Compra:",null,null,4626334272]

{"sheet":"Instructivo de Diligenciamiento","index":1,"n_rows":7,"n_cols":2,"rows_kept":7,"cut":false,"hidden":false,"merged":[[6,1,77,10]]}
[]
[]
[]
[]
[]
[]
[null,"Instrucciones de diligenciamiento:\n\nColombia Compra Eficiente ha diseñado este formato para que las Entidades Compradoras puedan realizar aclaraciones, modificaciones,  cancelaciones o liquidaciones  de las Órdenes de Compra que estén en ejecución y vigentes. Para ello debe indicar:\n \n1. Datos generales: Datos básicos como número de la Orden de Compra que requiere cambiar, número consecutivo de solicitud tenga en cuenta que la primera solicitud corresponderá a la número “1”, nombre de la Entidad Compradora, nombre de la persona que solicita las acciones, NIT de la Entidad Compradora y el nombre del Proveedor que ejecuta la Orden de Compra.\n\n2. Tipo: Las Entidades pueden solicitar cuatro tipos de acciones respecto de las Órdenes de Compra:\n\n(i) Aclaraciones: Son las indicaciones de cambio de información que no afectan el plazo, el valor o las condiciones contractuales de las Órdenes de Compra como: redacción en las condiciones de entrega, errores de digitación  o rectificación de la fecha de vencimiento. Estas aclaraciones no requieren de la aceptación del Proveedor. Sin embargo una vez realizada la aclaración en la Orden de Compra, la Entidad Compradora debe notificarle al Proveedor el cambio. \n\n(ii) Modificaciones: Son indicaciones de cambio en aumento o disminución de valor o plazo,  aumento o disminución de los bienes o servicios solicitados, cambios en las condiciones de ejecución o datos que afecten la ejecución de la Orden de Compra. Solo en los casos de cambio de supervisor y datos de notificación como dirección o teléfono se puede omitir la firma del Proveedor. Sin embargo una vez realizada la modificación, la Entidad Compradora debe notificarle al Proveedor el cambio.\n\n(iii) Cancelación: Es la manifestación de la Entidad de no ejecutar la totalidad de la Orden de Compra la cual también debe ser aceptada por el Proveedor.\n\n(iv) Liquidación: Es el ajuste formal y definitivo de las obligaciones derivadas de la Orden de Compra para establecer las acreencias pendientes a favor o en contra de cada parte de la Orden de Compra, así como para aclarar la ejecución de la misma. Se efectúa, cuando aplique, dentro de los términos establecidos en cada Acuerdo Marco de Precios. Se requiere la solicitud por parte de la Entidad Compradora firmada por el Ordenador del Gasto y el representante legal del Proveedor, así como el informe del supervisor de la Orden de Compra. \n\n3. Justificación: Las razones de la realización del cambio o la cancelación de la Orden de Compra.\n\n4. Especificar las modificaciones solicitadas a la información general de la Orden de Compra o la modificación detallada de los bienes y servicios así:\n\n(i) Modificación de información general: Modificaciones a: (a) nombre del supervisor; (b) fecha de vencimiento de la Orden de Compra; (c) dirección y/o teléfono de la Entidad Compradora; o (d) Gravámenes adicionales (estampillas), en todos los campos debe diligenciar la información actual  en la Orden de Compra y los nueva información.\n\n(ii) Modificación de los artículos y/o servicios: \n\n(a) Modificaciones a los artículos o servicios: Adicionar o disminuir en cantidades un producto que fue adquirido en la Orden de Compra inicial. La Entidad debe identificar en los campos de “información actual”: (i) el número de la línea del artículo que lo puede consultar en la Orden de Compra (ii) el artículo adquirido inicialmente; (iii) las unidades de medida; (iv) las cantidades adquiridas; (v) los precios de la compra; y (vi) la información presupuestal. Para modificar o agregar nuevos artículos la Entidad Compradora debe identificar en el campo “nueva información”: (i) la cantidad final requerida; (ii) unidad de medida; (iii) precio unitario acordado previamente con el Proveedor el cual debe respetar lo dispuesto en el contrato correspondiente (precio techo, precio piso, etc.) y (iv) la información presupuestal que respalda el cambio o la inclusión.\n\n(b) Agregar nuevos artículos o servicios: Ingresar nuevos artículos que no se tenían contemplados en la Orden de Compra inicial. La Entidad Compradora debe previamente solicitarle al Proveedor el precio del artículo, el cual debe respetar lo dispuesto en el contrato correspondiente (precio techo, precio piso, etc.) y la Entidad Compradora lo debe indicar en el formato en el campo “nueva información”.\n\n(c) Eliminar artículos o servicios: Descartar artículos que la Entidad Compradora determine que no va a requerir durante la ejecución de la Orden de Compra. Para eliminar artículos la Entidad debe identificar en los campos de “información actual”: (i) el número de la línea del artículo que lo puede consultar en la Orden de Compra (ii) el artículo adquirido inicialmente; (iii) las unidades de medida; (iv) las cantidades adquiridas; (v) los precios de la compra; y (vi) la información presupuestal.\n\nEn esta sección la Entidad Compradora puede agregar tantas filas como artículos requiera modificar haciendo clic en el botón de Agregar registro o Eliminar registro.\n\n5. Consolidado de valores: Indicar en el recuadro el valor total del IVA, AUI, gravámenes adicionales y total de la Orden de Compra, estos campos serán los valores finales que quedarán en la Orden de Compra después de la modificación, tenga en cuenta que el campo de IVA no aplica para los AMP de papelería, vehículos y SOAT y que el campo de AIU solo aplica para aseo y cafetería.\n\n6. Firmas del documento: El ordenador del gasto de la Entidad Compradora debe firmar el documento y enviarlo al Proveedor para que lo acepte y firme, en caso de que así se requiera. El documento firmado debe ser enviado a través del aplicativo dispuesto por   Colombia Compra Eficiente para realizar las acciones solicitadas.\n\n7. Fecha de elaboración del documento: Corresponde a la fecha en la que la Entidad Compradora y el Proveedor llegaron a un acuerdo para realizar las acciones y se suscribe el documento, recuerde que para poder realizar modificaciones en las Órdenes de Compra las mismas se deben acordar dentro de la vigencia de la Orden de Compra. \n\nSi la Entidad Compradora requiere agregar archivos que estén relacionados con las acciones a realizar como: copia del CDP y/o aprobación de Vigencia Futura (VF) que soporta la adición, soportes documentales, correos, cartas, etc... debe publicarlos junto con el documento de solicitud de modificación suscrito en un único archivo Pdf, tenga en cuenta que Colombia Compra Eficiente únicamente realizara las modificaciones especificadas en el formato enviado por el aplicativo.\n"]

{"sheet":"Listas","index":2,"n_rows":5,"n_cols":3,"rows_kept":5,"cut":false,"hidden":true,"merged":[]}
["TipoDeModificacion",null,"Modificacion"]
["Modificación de la Orden de Compra",null,"Modificación de artículo o servicio"]
["Aclaración a la Orden de Compra",null,"Agregar nuevo artículo o servicio"]
["Cancelación de la Orden de Compra",null,"Eliminar artículo o servicio"]
["Liquidación de la Orden de Compra",null,"Ninguna"]